Encyclopedia of quantitative finance / (Record no. 20733)
[ view plain ]
| 000 -LEADER | |
|---|---|
| fixed length control field | 00939cam a22002415a 4500 |
| 001 - CONTROL NUMBER | |
| control field | 9060136 |
| 005 - DATE AND TIME OF LATEST TRANSACTION | |
| control field | 20160222163852.0 |
| 008 - FIXED-LENGTH DATA ELEMENTS--GENERAL INFORMATION | |
| fixed length control field | 100125t2010 enka frbe 001 0 eng d |
| 020 ## - INTERNATIONAL STANDARD BOOK NUMBER | |
| International Standard Book Number | 9780470057568 (set) |
| 040 ## - CATALOGING SOURCE | |
| Original cataloging agency | DLC |
| Language of cataloging | eng |
| Transcribing agency | DLC |
| Modifying agency | WaSeSS |
| -- | EG-ScBUE |
| -- | EG-ScBUE |
| 082 04 - DEWEY DECIMAL CLASSIFICATION NUMBER | |
| Classification number | 332.03 |
| Item number | ENC |
| Edition number | 22 |
| 245 00 - TITLE STATEMENT | |
| Title | Encyclopedia of quantitative finance / |
| Statement of responsibility, etc | editor-in-chief, Rama Cont ; [foreword by Robert C. Merton] |
| 260 ## - PUBLICATION, DISTRIBUTION, ETC. (IMPRINT) | |
| Place of publication, distribution, etc | Chichester : |
| Name of publisher, distributor, etc | John Wiley & Sons Ltd., |
| Date of publication, distribution, etc | c.2010. |
| 300 ## - PHYSICAL DESCRIPTION | |
| Extent | 4 v. : |
| Other physical details | ill. ; |
| Dimensions | 25 cm. |
| 504 ## - BIBLIOGRAPHY, ETC. NOTE | |
| Bibliography, etc | Includes bibliographical references and index. |
| 505 ## - FORMATTED CONTENTS NOTE | |
| Formatted contents note | volume I : A-D -- volume II : E-J -- volume III : K-Q -- volume IV : R-Z and index. |
| 650 #0 - SUBJECT ADDED ENTRY--TOPICAL TERM | |
| Topical term or geographic name as entry element | Finance |
| General subdivision | Mathematical models |
| Form subdivision | Encyclopedias. |
| Source of heading or term | BUEsh |
| 651 ## - SUBJECT ADDED ENTRY--GEOGRAPHIC NAME | |
| Source of heading or term | BUEsh |
| 653 ## - INDEX TERM--UNCONTROLLED | |
| Resource For college | BAEPS, Economics |
| Arrived date list | August2015 |
| -- | February2016 |
| 700 1# - ADDED ENTRY--PERSONAL NAME | |
| Personal name | Cont, Rama. |
| Relator term | editor. |
| 9 (RLIN) | 4048 |
| 700 1# - ADDED ENTRY--PERSONAL NAME | |
| Personal name | Merton, Robert C., |
| Relator term | author of introduction, etc. |
| 9 (RLIN) | 29304 |
| 942 ## - ADDED ENTRY ELEMENTS (KOHA) | |
| Source of classification or shelving scheme | Dewey Decimal Classification |
| Withdrawn status | Lost status | Source of classification or shelving scheme | Damaged status | Not for loan | Koha collection | Home library | Current library | Shelving location | Date acquired | Source of acquisition | Cost, normal purchase price | Serial Enumeration / chronology | Total Checkouts | Full call number | Barcode | Date last seen | Cost, replacement price | Koha item type | Public note |
|---|---|---|---|---|---|---|---|---|---|---|---|---|---|---|---|---|---|---|---|
| Dewey Decimal Classification | Baccah | Central Library | Central Library | Ground Floor | 30/08/2015 | Purchase | 9450.00 | 23317 | 332.03 ENC | 000039539 | 15/07/2025 | 11813.00 | Reference (NB) | V. IV. (R-Z and Index) | |||||
| Dewey Decimal Classification | Baccah | Central Library | Central Library | Ground Floor | 30/08/2015 | Purchase | 9450.00 | 23317 | 332.03 ENC | 000039540 | 15/07/2025 | 11813.00 | Reference (NB) | V. III. (K-Q) | |||||
| Dewey Decimal Classification | Baccah | Central Library | Central Library | Ground Floor | 30/08/2015 | Purchase | 9450.00 | 23317 | 332.03 ENC | 000039541 | 15/07/2025 | 11813.00 | Reference (NB) | V. II. (E-J) | |||||
| Dewey Decimal Classification | Baccah | Central Library | Central Library | Ground Floor | 30/08/2015 | Purchase | 9450.00 | 23317 | 332.03 ENC | 000039542 | 15/07/2025 | 11813.00 | Reference (NB) | V. I. (A-D) |